|
|
|
|
| LEADER |
01569nam a2200385 a 4500 |
| 001 |
39924 |
| 003 |
BD-DhAAL |
| 008 |
221101m20061993enkab b 001 0 eng d |
| 999 |
|
|
|c 44816
|d 44816
|
| 010 |
|
|
|a 92012666
|
| 020 |
|
|
|a 0521033225
|
| 020 |
|
|
|a 9780521033220
|
| 020 |
|
|
|a 0521266947
|
| 040 |
|
|
|a DLC
|c DLC
|d DLC
|d BD-DhAAL
|
| 043 |
|
|
|a a-ii---
|
| 050 |
0 |
0 |
|a DS436
|b .N47 1987 pt. 3, vol. 2
|a HD1537.I4
|
| 082 |
|
|
|a 305.5633095414
|
| 100 |
1 |
|
|a Bose, Sugata,
|d 1956-
|9 52106
|
| 245 |
1 |
0 |
|a Peasant labour and colonial capital :
|b rural Bengal since 1770 /
|c Sugata Bose.
|
| 260 |
|
|
|a Cambridge ;
|a New York :
|b Cambridge University Press,
|c 1993, 2006.
|
| 300 |
|
|
|a xvi, 203 pages :
|b illustrations, maps ;
|c 24 cm.
|
| 490 |
|
|
|a The New Cambridge history of India ;
|v III : 2
|
| 504 |
|
|
|a Includes bibliographical references (pages 186-196) and index.
|
| 526 |
|
|
|a GenEd
|
| 541 |
|
|
|a Paragon Enterprises LTD.
|e 39924
|
| 590 |
|
|
|a In English.
|
| 650 |
|
0 |
|a Peasants
|z India
|z Bengal
|x History.
|9 52107
|
| 650 |
|
0 |
|a Industries
|z India
|z Bengal
|x History.
|9 52108
|
| 650 |
|
0 |
|a Social sciences.
|9 52109
|
| 651 |
|
0 |
|a Bengal (India)
|x Colonization
|x History.
|9 52110
|
| 651 |
|
0 |
|a Bengal (India)
|x Rural conditions.
|9 52111
|
| 830 |
|
|
|a The New Cambridge history of India ;
|v III : 2
|9 52112
|
| 852 |
|
|
|a Ayesha Abed Library
|c General Stacks
|
| 942 |
|
|
|2 ddc
|c BK
|
| 952 |
|
|
|0 0
|1 0
|2 ddc
|4 0
|6 305_563309541400000_BOS
|7 0
|9 72155
|a SCL
|b SCL
|c GEN
|d 2022-10-24
|e Paragon Enterprises LTD
|g 2595.00
|l 1
|o 305.5633095414 BOS
|p 3020039924
|r 2024-11-12
|s 2024-11-07
|t 1
|v 2595.00
|w 2022-10-24
|y BK
|